000 00743nam a2200217 4500
008 170915b xxu||||| |||| 00| 0 eng d
020 _a0-02-824286-6
082 _21994
_aDC 512.1
_bG65a
100 _922593
_aGordon, Berchie W.
245 _aMerrill advanced mathematical concepts :
_bprecalculus with applications /
_cBerchie W. Gordon ... [and three others]
260 _aNew York :
_bGlencoe,
_c©1994.
300 _axiii, 1024 pages :
_billustrations ;
_c24 cm
500 _aIncludes index.
650 0 _922594
_aAlgebra
650 0 _922595
_aGeometry, Analytic
650 0 _922597
_aTrigonometry
700 _922598
_aCrosswhite, F. Joe
700 _922599
_aYunker, Lee E.
700 _922600
_aVannatta, Glen D.
942 _2ddc
_cDC
999 _c7457
_d7457